El pájaro del alba: poema en 22 escalas
Zapisane w:
| 1. autor: | |
|---|---|
| Format: | Książka |
| Język: | Spanish |
| Wydane: |
San José, C.R. :
Andrómeda,
2000.
|
| Hasła przedmiotowe: | |
| Etykiety: |
Dodaj etykietę
Nie ma etykietki, Dołącz pierwszą etykiete!
|
MARC
| LEADER | 00000nam a22000007a 4500 | ||
|---|---|---|---|
| 008 | 180214b xxu||||| |||| 00| 0 spa d | ||
| 041 | 0 | |a spa | |
| 082 | 0 | 4 | |a CR861.44 |b C172p |
| 100 | 1 | |a Camacho, Mario | |
| 245 | 1 | 3 | |a El pájaro del alba: |b poema en 22 escalas |c Mario Camacho |
| 260 | |a San José, C.R. : |b Andrómeda, |c 2000. | ||
| 300 | |a 45 páginas : |b ilustraciones | ||
| 500 | |a Donación Adriano Corrales | ||
| 650 | |a LITERATURA COSTARRICENSE |x POESIA | ||
| 942 | |2 ddc |c BK | ||
| 999 | |c 21816 |d 21816 | ||
